Human Body (Record no. 108609)

MARC details
000 -LÍDER
campo de controle de tamanho fixo 00468 a2200181 4500
001 - NÚMERO DE CONTROLE
campo de controle 108609
020 ## - ISBN - INTERNATIONAL STANDARD BOOK NUMBER
ISBN - International Standard Book Number 9781846666896
041 ## - CÓDIGO DE IDIOMA
Código do idioma do texto/trilha sonora ou título diferente por
090 ## - NÚMERO DE CHAMADA LOCAL
Número de chamada (OCLC) (R); Número de chamada, CALL (RLIN) (NR) Year 5 612
040 ## - FONTE DA CATALOGAÇÃO
Instituição da catalogação original BR-BrIDEA
Instituição que transcreveu o registro BR-BrIDEA
250 ## - EDIÇÃO
Edição . ed.
245 10 - TÍTULO
Título Human Body
Indicação de responsabilidade, etc. Top That!Publishing plc Tide Mill Way
260 ## - PUBLICAÇÃO, DISTRIBUIÇÃO, ETC.
Local de publicação, distribuição, etc. [S.l.]
Data da publicação, distribuição, etc. 2008
697 ## - ENTRADA DE ASSUNTO LOCAL--ENTIDADE COLETIVA (RLIN)
Nome corporativo ou nome da jurisdição literature for children and youth.
700 ## - ENTRADA ADICIONADA - NOME PESSOAL
Nome pessoal Top That!Publishing plc Tide Mill Way.
856 ## - LOCALIZAÇÃO ELETRÔNICA E ACESSO
Uniform Resource Identifier <a href="00001a/00001aff.jpg">00001a/00001aff.jpg</a>
942 ## - ELEMENTOS DE ENTRADA ADICIONADOS (KOHA)
Tipo de material Koha Livros
Holdings
Situação do descarte Situação das perdas Fonte da classificação ou esquema de arquivamento na estante Situação física Não pode ser emprestado Biblioteca de origem Biblioteca atual Data de aquisição Total de empréstimos Número de chamada completo Código de barras Data de último acesso Data do último empréstimo Data do preço efetivo Tipo de material Koha
    Classificação Decimal de Dewey     ECB - SUDOESTE ECB - SUDOESTE 09/10/2013 6 Year 5 612 00006015SSW 25/06/2024 17/06/2024 23/01/2024 Livros